Carta de Francisco Fernández Marmolejo al Obispo de Puebla, para reafirmarse como un hombre honesto

Detalles Bibliográficos
Formato: Libro
Publicado: Huamantla, 1679
Materias:
Colección:Banco de datos
Acervo:Biblioteca Palafoxiana. Colección de Manuscritos
Descripción Física:2 f. ; 21 x 31 cm.
Tema general:Civil
LEADER 00403nam a22001330004500
035 |a 4025 
245 1 0 |a Carta de Francisco Fernández Marmolejo al Obispo de Puebla, para reafirmarse como un hombre honesto  
260 |a Huamantla, 1679 
300 |a 2 f. ; 21 x 31 cm. 
650 1 0 |a Civil 
949 |a R496/209 
942 |c PALAMANU 
943 |g Biblioteca Palafoxiana. Colección de Manuscritos 
999 |c 1071970  |d 1071970